000
00270nam a22001097a 4500
008
230620b xxu||||| |||| 00| 0 eng d
082
_a
320.44
_b
FCO
100
_c
Foreign and Commonwealth Office
245
_a
British Democracy in Action
300
_a
16p
942
_2
ddc
_c
BK
999
_c
1680
_d
1680